000
00332cam a2200145ua 4500
041
_a
mal
_h
082
_a
894.8122
_b
KVM/SW
100
_a
K V M, .
245
_a
Swarna chettiyile rahasyam /
_c
K V M.
_h
Textual Documents
260
_a
:
_b
K V M ,
_c
1959.
300
_a
298 ; .
504
_a
942
_c
BK
999
_c
6297
_d
6297